Wellesely Islands, Australia (Map) - Statistics

General Stats
  • This quiz has been taken 9 times
    8 since last reset
  • The average score is 8 of 16
Answers on the Map
Answers color-coded by a green-red scale on the quiz's map according to % correct below.
 
Answer Stats
Answer % Correct
Mornington
75%
Albina
50%
Allen
50%
Bayley
50%
Bentinck
50%
Bountiful
50%
Bountiful
50%
Denham
50%
Forsyth
50%
Horseshoe
50%
Lingnoonganee
50%
Pains
50%
Pisonia
50%
Sweers
50%
Sydney
50%
Fowler Island
25%
No matching quizzes found
Score Distribution
Percent of People with Each Score
Percentile by Number Answered
Your Score History
You have not taken this quiz since the last reset